| 000 | 00545nam a22001577a 4500 | ||
|---|---|---|---|
| 999 |
_c535500 _d535500 |
||
| 020 | _qHard Cover. | ||
| 082 | _a624.1 | ||
| 100 | _aShah, Taj Hussain | ||
| 245 |
_aA case study of era focusing on reconstruction activities in district Abbottabad / _cTaj Hussain Shah. |
||
| 260 |
_aIslamabad: _bNIT NUST, _c2012. |
||
| 300 |
_a117 p. : _bill. ; _c30cm. |
||
| 942 |
_2ddc _cTHE |
||
| 650 |
_aConstruction Engineering and Management MS-Thesis. _917023 |
||
| 700 |
_aDr. Rafiq Muhammad _929461 |
||